A bridge too Far / (Record no. 185694)
[ view plain ]
| 000 -LEADER | |
|---|---|
| fixed length control field | 00674 a2200193 4500 |
| 003 - CONTROL NUMBER IDENTIFIER | |
| control field | Nust |
| 005 - DATE AND TIME OF LATEST TRANSACTION | |
| control field | 20230131105612.0 |
| 010 ## - LIBRARY OF CONGRESS CONTROL NUMBER | |
| LC control number | 74003253 |
| 020 ## - INTERNATIONAL STANDARD BOOK NUMBER | |
| International Standard Book Number | 0340199415 |
| 040 ## - CATALOGING SOURCE | |
| Transcribing agency | Nust |
| 082 00 - DEWEY DECIMAL CLASSIFICATION NUMBER | |
| Classification number | 940.54,RYA |
| 100 1# - MAIN ENTRY--PERSONAL NAME | |
| Personal name | Ryan, Cornelius. |
| 9 (RLIN) | 46236 |
| 245 12 - TITLE STATEMENT | |
| Title | A bridge too Far / |
| Statement of responsibility, etc. | Cornelius Ryan, |
| 260 ## - PUBLICATION, DISTRIBUTION, ETC. | |
| Place of publication, distribution, etc. | New York, |
| Name of publisher, distributor, etc. | Simon and Schuster |
| Date of publication, distribution, etc. | [1974] |
| 300 ## - PHYSICAL DESCRIPTION | |
| Extent | 670 p. |
| Other physical details | illus. |
| Dimensions | 23 cm. |
| 505 ## - FORMATTED CONTENTS NOTE | |
| Formatted contents note | Part One: The Retreat (Page-19), Part Two: The Plan (Page-101), Part Three: The Attack (Page-167), Part Four: The Siege (Page-271), Part Five: Der Hexenkessel (Page-437). |
| 650 #0 - SUBJECT ADDED ENTRY--TOPICAL TERM | |
| Topical term or geographic name entry element | Arnhem, Battle of, Arnhem, Netherlands, 1944. |
| 9 (RLIN) | 108181 |
| 942 ## - ADDED ENTRY ELEMENTS (KOHA) | |
| Source of classification or shelving scheme | |
| Koha item type | Book |
| Withdrawn status | Lost status | Source of classification or shelving scheme | Damaged status | Not for loan | Permanent Location | Current Location | Shelving location | Date acquired | Full call number | Barcode | Date last seen | Price effective from | Koha item type | Public note | Shelving control number |
|---|---|---|---|---|---|---|---|---|---|---|---|---|---|---|---|
| Military College of Signals (MCS) | Military College of Signals (MCS) | General Stacks | 12/12/2016 | 940.54,RYA | MCS21549 | 12/08/2016 | 12/12/2016 | Book | Almirha No 75, Shelf No 6 | ||||||
| Military College of Signals (MCS) | Military College of Signals (MCS) | General Stacks | 12/12/2016 | 940.54,RYA | MCS21550 | 12/08/2016 | 12/12/2016 | Book | Almirah No.60, Shelf No.2 | History | |||||
| Military College of Signals (MCS) | Military College of Signals (MCS) | General Stacks | 12/12/2016 | 940.54,RYA | MCS21551 | 12/08/2016 | 12/12/2016 | Book | Almirah No.60, Shelf No.2 | History | |||||
| Military College of Signals (MCS) | Military College of Signals (MCS) | General Stacks | 12/12/2016 | 940.54,RYA | MCS21552 | 12/08/2016 | 12/12/2016 | Book | Almirha No 75, Shelf No 6 |
